Statistiken für UEFA Champions League Top 4

Klicken Sie hier um das Quiz zu spielen!

Allgemein

  • Dieses Quiz wurde 1.513 mal gespielt
  • Das Durchschnittsergebnis liegt bei 36 aus 76

Antwortstatistiken

Antwort% Korrekt
FC Bayern München
99%
Real Madrid
99%
FC Barcelona
98%
Borussia Dortmund
97%
FC Liverpool
97%
Manchester City
97%
FC Chelsea
96%
AC Mailand
95%
Internazionale Mailand
95%
Manchester United
95%
Paris Saint-Germain
95%
Juventus Turin
91%
Ajax Amsterdam
88%
Hamburger SV
88%
Atletico Madrid
87%
Tottenham Hotspur
87%
FC Porto
85%
SL Benfica Lissabon
82%
FC Arsenal
81%
Olympique Lyon
78%
Olympique Marseille
78%
AS Roma
75%
RasenBallSport Leipzig
71%
Bayer 04 Leverkusen
70%
Nottingham Forest
70%
PSV Eindhoven
68%
FC Schalke 04
65%
FC Valencia
64%
Feyenoord Rotterdam
64%
Celtic Glasgow
60%
AS Monaco
58%
Roter Stern Belgrad
57%
Aston Villa
56%
Borussia Mönchengladbach
54%
Glasgow Rangers
52%
Eintracht Frankfurt
48%
Spartak Moskau
41%
FC Villarreal
37%
1. FC Köln
36%
Club Brügge
34%
Galatasaray SK
34%
Dynamo Kiew
32%
FC Steaua Bukarest
32%
Panathinaikos Athen
30%
AC Florenz
27%
Leeds United
27%
RSC Anderlecht
27%
Rapid Wien
26%
Legia Warschau
25%
Girondins Bordeaux
24%
Malmö FF
24%
Young Boys Bern
24%
FK Austria Wien
23%
Deportivo La Coruna
22%
Sampdoria Genua
21%
FC Zürich
19%
Partizan Belgrad
18%
FC Nantes
17%
Real Sociedad San Sebastian
16%
IFK Göteborg
15%
Stade Reims
14%
AS Saint-Étienne
13%
Sparta Prag
12%
Standart Lüttich
12%
ZSKA Sofia
12%
Dinamo Bukarest
3%
Hibernian Edinburgh
3%
Ujpest Budapest
3%
Derby County
2%
Dundee United
2%
Widzew Lodz
2%
Dukla Prag
1%
FC Dundee
1%
Györi ETO FC
0%
Spartak Trnava
0%
Vasas Budapest
0%

Verteilung der Resultate

Perzentil nach korrekt beantworteten Fragen

Anzahl Personen mit jedem Resultat

Ihre Resultats-Entwicklung

Sie haben dieses Quiz noch nicht gespielt